000 01138nam a2200301 i 4500
001 182523
003 ES-MaACL
005 20250902225147.0
008 130911s2012 sp | |||||||| | spa d
020 _a978-84-92937-35-6
080 _a373.512.2(460)
080 _a37(460)
080 _a37:331.5(460)
245 0 0 _aEducación y desarrollo :
_bPISA 2009 y el sistema educativo español /
_ccoordinación a cargo de Antonio Villar ; Sara de la Rica Goiricelaya, José Ignacio García Pérez, Ainara González de San Román ... [et al.].
250 _a1ª ed.
260 _aBilbao :
_bFundación BBVA,
_c2012.
300 _a334 p. :
_bil., gráf., mapas ;
_c24 cm.
500 _aÍndices.
504 _aReferencias bibliográficas.
650 0 4 _aEstudiantes-
_xEvaluación.
_912571
650 4 _aEnseñanza-
_zEspaña-
_yS.XXI.
_9170705
650 0 4 _aEducación y empleo-
_zEspaña
_912126
700 1 _aRica, Sara de la,
_d1963-
_9147329
700 1 _aVillar, Antonio,
_d1954-
_9143379
852 _aES-MaACL
_jA-12911
_9189436
_bR.149101
_cDEPO1
_dOlim: N-5911
942 _2udc
_cMONOGRAFIA
999 _c182523
_d182523